000 00494nam a2200169Ia 4500
999 _c12792
_d12792
003 OSt
005 20201027105244.0
008 190216s9999||||xx |||||||||||||| ||und||
040 _coclc
082 _a891.7344
_bSOL/L
100 _aSolzhenitsyn, Alexander
_94878
245 0 _aLenin In Zurich /
_cAlexander Solzhenitsyn
260 _bPenguin Books ,
_c1975.
_aLondon:
300 _a252p
650 _aEnglish Essay
942 _cBK
_2ddc
_h891.7344
_iSOL/L
_k891.7344
_mSOL/L